[Event "LSS OP-2007-0-00349"]
[Site "LSS email"]
[Date "2007.08.14"]
[Round "?"]
[White "Maschits, Maxim"]
[Black "Nouveau, Laurent"]
[Result "0-1"]
[WhiteElo "720"]
[BlackElo "1399"]
[PlyCount "22"]
[EventDate "2007.08.11"]
[EventType "tourn (corr)"]
[EventRounds "4"]
[EventCountry "GER"]
[SourceTitle "Corr 2015"]
[Source "ChessBase"]
[SourceDate "2015.07.17"]
[SourceVersion "1"]
[SourceVersionDate "2015.07.17"]
[SourceQuality "1"]

1. e4 e6 2. d4 d5 3. e5 c5 4. Nf3 Qb6 5. b3 Nc6 6. Bb2 cxd4 7. Nxd4 Bc5 8. Bb5 Bd7 9. Bxc6 Bxc6 10. 0-0 Ne7 11. a3 Bd7 0-1

[Event "LSS OP-2007-0-00349"]
[Site "LSS email"]
[Date "2007.08.13"]
[Round "?"]
[White "Maschits, Maxim"]
[Black "Senis, Enrico"]
[Result "0-1"]
[WhiteElo "720"]
[BlackElo "1389"]
[PlyCount "22"]
[EventDate "2007.08.11"]
[EventType "tourn (corr)"]
[EventRounds "4"]
[EventCountry "GER"]
[SourceTitle "Corr 2015"]
[Source "ChessBase"]
[SourceDate "2015.07.17"]
[SourceVersion "1"]
[SourceVersionDate "2015.07.17"]
[SourceQuality "1"]

1. e4 e5 2. Nf3 Nc6 3. Bc4 Bc5 4. c3 Nf6 5. d4 exd4 6. cxd4 Bb4+ 7. Nc3 Nxe4 8. 0-0 Bxc3 9. d5 Bf6 10. Re1 Ne7 11. Rxe4 d6 0-1

[Event "IECG CP.2005.P.00118"]
[Site "IECG email"]
[Date "2005.10.01"]
[Round "?"]
[White "Ornek, Ozer"]
[Black "Maschits, Maxim"]
[Result "1-0"]
[WhiteElo "1257"]
[BlackElo "780"]
[PlyCount "37"]
[EventDate "2005.10.01"]
[EventType "tourn (corr)"]
[EventRounds "6"]
[SourceTitle "Corr 2008"]
[Source "ChessBase"]
[SourceDate "2008.06.24"]
[SourceVersion "1"]
[SourceVersionDate "2008.06.24"]
[SourceQuality "1"]

1. d4 f5 2. g3 d5 3. Bg2 Nf6 4. c4 c6 5. Nf3 e6 6. 0-0 Bd6 7. Bf4 Bxf4 8. gxf4 0-0 9. e3 Qe8 10. Nbd2 b5 11. cxb5 cxb5 12. Rc1 a5 13. Qc2 Na6 14. Ne5 Bb7 15. Nb3 a4 16. Na5 Rc8 17. Qd3 Nb4 18. Qd2 Rxc1 19. Rxc1 1-0

[Event "IECG QN.2005.0.00353 email"]
[Site "IECG email"]
[Date "2005.03.04"]
[Round "?"]
[White "Maschits, Maxim"]
[Black "Komcharukova, Marina"]
[Result "1/2-1/2"]
[WhiteElo "800"]
[BlackElo "800"]
[PlyCount "76"]
[EventDate "2005.03.04"]
[EventType "tourn (corr)"]
[EventRounds "6"]
[SourceTitle "Corr 2008"]
[Source "ChessBase"]
[SourceDate "2008.06.24"]
[SourceVersion "1"]
[SourceVersionDate "2008.06.24"]
[SourceQuality "1"]

1. e4 e5 2. Nc3 Nf6 3. Bc4 Nc6 4. d3 Bb4 5. Bd5 Nd4 6. Bg5 0-0 7. a3 Be7 8. Nf3 Nxd5 9. Bxe7 Nxe7 10. Nxe5 d5 11. 0-0 Qd6 12. Qh5 g6 13. Nxf7 Rxf7 14. Qh4 Nxc2 15. Rac1 Nd4 16. exd5 Nxd5 17. Qxd4 c5 18. Nb5 Qxh2+ 19. Kxh2 cxd4 20. Nd6 Rc7 21. Rxc7 Nxc7 22. Rc1 Ne6 23. Nxc8 Kf7 24. Nd6+ Kf6 25. b4 b6 26. Rc6 Ke5 27. Ne4 Nf4 28. f3 Rg8 29. Nf2 Kd5 30. Rc7 a5 31. Rxh7 axb4 32. axb4 Ne6 33. Ne4 Kc6 34. Nf6 Rd8 35. Rh6 Nf4 36. Ne4 Kb5 37. Kg3 Rf8 38. Rh4 Nxd3 1/2-1/2

[Event "IECG QN.2002.0.00248"]
[Site "IECG email"]
[Date "2002.11.23"]
[Round "?"]
[White "Maschits, Maxim"]
[Black "Veldhouse, Thomas"]
[Result "0-1"]
[WhiteElo "800"]
[BlackElo "982"]
[PlyCount "30"]
[EventDate "2002.11.23"]
[EventType "tourn (corr)"]
[EventRounds "6"]
[SourceTitle "Corr 2008"]
[Source "ChessBase"]
[SourceDate "2008.06.24"]
[SourceVersion "1"]
[SourceVersionDate "2008.06.24"]
[SourceQuality "1"]

1. e4 c5 2. Nf3 d6 3. Bd3 g6 4. Nc3 Nf6 5. b3 Bg7 6. Rb1 0-0 7. e5 dxe5 8. Nxe5 Qc7 9. Qe2 Nh5 10. Nd5 Qxe5 11. Nxe7+ Kh8 12. Bb2 Qxe2+ 13. Bxe2 Nf4 14. Bf3 Re8 15. Be5 Rxe7 0-1

[Event "IECG QN.2002.0.00248"]
[Site "IECG email"]
[Date "2002.11.23"]
[Round "?"]
[White "Veldhouse, Thomas"]
[Black "Maschits, Maxim"]
[Result "1-0"]
[WhiteElo "982"]
[BlackElo "800"]
[PlyCount "37"]
[EventDate "2002.11.23"]
[EventType "tourn (corr)"]
[EventRounds "6"]
[SourceTitle "Corr 2008"]
[Source "ChessBase"]
[SourceDate "2008.06.24"]
[SourceVersion "1"]
[SourceVersionDate "2008.06.24"]
[SourceQuality "1"]

1. e4 e5 2. Nf3 Nf6 3. Nxe5 d6 4. Nf3 c5 5. Nc3 Be6 6. d4 b6 7. Bb5+ Nbd7 8. h3 a6 9. Bc6 Rc8 10. d5 Bxd5 11. Bxd5 Nxd5 12. Nxd5 h6 13. Qe2 c4 14. Be3 b5 15. Bd4 f6 16. Nh4 Nc5 17. Qh5+ Kd7 18. Ng6 Qe8 19. Qg4+ 1-0

[Event "IECG TG.2002.0.14705"]
[Site "IECG email"]
[Date "2002.??.??"]
[Round "2"]
[White "Maschits, Maxim"]
[Black "Kirc, Robert S"]
[Result "0-1"]
[WhiteElo "800"]
[BlackElo "800"]
[PlyCount "54"]
[EventDate "2002.??.??"]
[EventType "match (corr)"]
[EventRounds "2"]
[SourceTitle "Corr 2008"]
[Source "ChessBase"]
[SourceDate "2008.06.24"]
[SourceVersion "1"]
[SourceVersionDate "2008.06.24"]
[SourceQuality "1"]

1. e4 e5 2. Nf3 d6 3. Bc4 Be6 4. Bxe6 fxe6 5. h4 h5 6. c3 d5 7. Ng5 Qf6 8. Qb3 b6 9. exd5 exd5 10. Qxd5 c6 11. Qe6+ Ne7 12. Qxf6 gxf6 13. Ne4 Nd5 14. d4 Nd7 15. Nbd2 exd4 16. cxd4 Nb4 17. Kd1 0-0-0 18. Nb3 f5 19. Ng5 Nc5 20. Nf7 Nxb3 21. axb3 Rxd4+ 22. Bd2 Rh7 23. Ne5 Bh6 24. Nf3 Rxd2+ 25. Nxd2 Rd7 26. Rh3 Rxd2+ 27. Ke1 Nc2+ 0-1